banner-ar

يوليوس قيصر (هدية نت الاديب عبدالفتاح الجمل) / (Record no. 41779)

MARC details
000 -الفاتح
حقل البيانات ثابتة الطول 00710nam a2200205Ia 4500
008 - عناصر البيانات ثابتة الطول - معلومات عامة
حقل البيانات ثابتة الطول 140319s9999 xx 000 0 ara d
040 ## - مصدر الفهرسة
وكالة الفهرسة الأصلية GCL /
وكالة النسخ GCL
082 04 - رقم تصنيف ديوى العشرى
رقم التصنيف 923.2
رقم المادة و ى
100 1# - المدخل الرئيسى - إسم شخصى
الإسم الشخصى محمد على كمال الدين (مترجم)
245 10 - بيان العنوان
العنوان يوليوس قيصر (هدية نت الاديب عبدالفتاح الجمل) /
بيان المسئوليه,etc محمد على كمال الدين (مترجم)
700 1# - المدخل الاضافى - اسم شخصى
الإسم الشخصى محمد على كمال الدين
700 1# - المدخل الاضافى - اسم شخصى
الإسم الشخصى وود، ككليمنت
300 ## - الوصف المادى
التعداد 71 ص
490 ## - بيان السلسلة
عنوان السلسلة كتاب
رقم المجلد/ التعيين التسلسلي 0
650 04 - المدخل الاضافى بالموضوع-مصطلح موضوعى
مصطلح موضوعي الملوك والحكام
650 04 - المدخل الاضافى بالموضوع-مصطلح موضوعى
مصطلح موضوعي اباطرة الرومان
650 04 - المدخل الاضافى بالموضوع-مصطلح موضوعى
مصطلح موضوعي الامبراطورية الرومانية
942 ## - عناصر المدخل الإضافي( كوها)
مصدر التصنيف او مخطط الترفيف Dewey Decimal Classification
Koha [default] item type كتاب
Holdings
حالة التراجع حالة الفقد حالة تلف ليس للاعارة المكان المؤقت الموقع الحالى تاريخ الاكتساب اجمالي اﻻعارات رقم الطلب الباركود تاريخ اخر مشاهدة تاريخ تفعيل السعر نوع وعاء كوها
        مكتبة القاهرة الكبرى مكتبة القاهرة الكبرى 03/26/2014   923.2\و ى 100929 03/26/2014 03/26/2014 كتاب

Powered By

EGPV